|
|
|
|
| LEADER |
00000nab a2200000 a 4500 |
| 001 |
vtls000877072 |
| 003 |
SK-MaSNL |
| 005 |
20260318114756.0 |
| 008 |
160405c2004 xo 0 hun |
| 015 |
|
|
|a SNBRB2004/06-19560
|
| 035 |
|
|
|a CLN000228624
|
| 040 |
|
|
|a SNKBUCL
|b slo
|c SNKBUCL
|e AACR2
|
| 041 |
0 |
|
|a hun
|
| 044 |
|
|
|a xo
|c SK
|
| 080 |
|
|
|a 792.2
|2 1997
|
| 100 |
1 |
|
|a Hübschné Dráfi, Anikó
|4 aut
|9 18497
|
| 245 |
1 |
0 |
|a Abszurd és groteszk - ez lehetne a komáromi (Jókai Színház) Ház-Tűz-Néző mottója
|c H. Dráfi Anikó
|
| 300 |
|
|
|b Fotogr.
|
| 600 |
1 |
7 |
|a Gogoľ, Nikolaj Vasilievič,
|d 1809-1852
|t Ženba
|2 snkbucl
|9 112977
|
| 610 |
2 |
7 |
|a Jókaiho divadlo v Komárne - Komáromi Jókai Színház
|2 snkbucl
|9 32950
|
| 651 |
|
7 |
|a Komárno (Slovensko : okres)
|2 snkbucl
|9 15954
|
| 655 |
|
7 |
|a články z novín a časopisov
|2 snkbucl
|9 267496
|
| 773 |
0 |
|
|x 1336-1678
|t Atelier
|g Roč. 7, č. 1 (2004), s. 39-41
|
| 850 |
|
|
|a Slovenská národná knižnica v Martine
|
| 852 |
|
|
|a SNK
|b KIS3GCP
|
| 958 |
|
|
|a HU
|
| 958 |
|
|
|a SK
|
| 958 |
|
|
|a RC
|
| 958 |
|
|
|a RBX
|
| 999 |
|
|
|c 3329338
|d 3331268
|